000 00604nam a2200241Ia 4500
003 OSt
005 20220918184830.0
006 a|||||r|||| 00| 0
007 ta
008 220917b |||||||| |||| 00| 0 eng d
024 _a48,274
037 _cTextual
040 _aARTS
_cARTS
_beng
041 _2eng
_aeng
082 _aO153,1N17x, P1
100 _ad[Zrb, eosko f
_966781
245 0 _agkg g[zB jwo? tf; Bkfj
260 _c2001
650 _agzikph ;kfjs
_925376
700 _azx
_926129
942 _hO153,1N17x, P1
_cTEXL
_2CC
999 _c177944
_d177944